| 000 | 00848nam a2200265 a 4500 | ||
|---|---|---|---|
| 001 | 1210599 | ||
| 003 | PILC | ||
| 005 | 20150112093438.0 | ||
| 008 | 930112s1993 enka b 001 0 eng d | ||
| 015 | _ab93Z6393 | ||
| 020 | _a013297441X | ||
| 040 |
_aBNB _beng _cBNB _dABN-SNR |
||
| 050 |
_aHD 30.28 _b.J648 1993 |
||
| 082 | 0 | 4 |
_aMnSF 658.401 _bJ63 1993 |
| 100 | 1 |
_aJohnson, Gerry. _917044 |
|
| 245 | 1 | 0 |
_aExploring corporate strategy : _btext and cases / _cGerry Johnson and Kevan Scoles. |
| 250 | _a3rd ed. | ||
| 260 |
_aNew York : _bPrentice Hall, _c1993. |
||
| 300 |
_a733 pages : _billustration ; _c24 cm. |
||
| 504 | _aIncludes bibliographical references and indexes. | ||
| 650 | 0 |
_aBusiness planning _xCase studies. _917045 |
|
| 650 | 0 |
_aStrategic planning _xCase studies. _917046 |
|
| 700 | 1 |
_aScholes, Kevan. _917047 |
|
| 942 |
_2lcc _cBK |
||
| 999 |
_c14650 _d14650 |
||